00558nam a2200133 a 450000100100000000500170001000800410002704000250006808200150009311000910010824500880019926001100028730000270039700002963920200930055709.0110404s1981 dr a 000 0 spa d aDO-SdBNPbspacBNPHU axxxxbR4261 aRepública Dominicana .bSecretaría de estado de Obras Públicas y Comunicaciones,10aRecomendaciones provisionales para dibujos de planos en proyectos de edificaciones. aSanto Domingo :bSecretaría de estado de Obras Públicas y Comunicaciones,c1981fEditora Alfa y Omega a35 p. :bil. ;c28 cm.